Vật lí 8: Giải toán và trắc nghiệm: 500 câu hỏi tự luận và trắc nghiệm: 150 bài tập cơ bản và nâng cao: Thế giới vật lí quanh ta
v.v...
Đã lưu trong:
| Tác giả chính: | |
|---|---|
| Định dạng: | Sách |
| Năm xuất bản: |
H.
Giáo dục
2004
|
| Chủ đề: | |
| Tags: |
Thêm thẻ
Không có thẻ, Hãy là người đầu tiên gắn thẻ bản ghi này!
|
| LEADER | 02031nam a2200289 4500 | ||
|---|---|---|---|
| 082 | |a 530.076 |b B510Q | ||
| 100 | |a Bùi Quang Hân | ||
| 245 | |a Vật lí 8: Giải toán và trắc nghiệm: 500 câu hỏi tự luận và trắc nghiệm: 150 bài tập cơ bản và nâng cao: Thế giới vật lí quanh ta |c Bùi Quang Hân, Nguyễn Duy Hiền, Nguyễn Tuyến | ||
| 260 | |a H. |b Giáo dục |c 2004 | ||
| 300 | |a 168 tr. |c 24 cm | ||
| 520 | |a v.v... | ||
| 653 | |a Vật lý | ||
| 653 | |a Lớp 8 | ||
| 653 | |a Câu hỏi | ||
| 653 | |a Trắc nghiệm | ||
| 653 | |a Bài tập | ||
| 942 | |2 ddc |c STK0 | ||
| 999 | |c 6850 |d 6850 | ||
| 952 | |0 0 |1 0 |2 ddc |4 0 |6 530_076000000000000_B510Q |7 0 |8 500 |9 64183 |a qbu |b qbu |c D3 |d 2015-01-26 |g 15000 |o 530.076 B510Q |p 6744.c1 |r 0000-00-00 |w 2015-01-26 |y STK0 | ||
| 952 | |0 0 |1 0 |2 ddc |4 0 |6 530_076000000000000_B510Q |7 0 |8 500 |9 64184 |a qbu |b qbu |c D3 |d 2015-01-26 |g 15000 |o 530.076 B510Q |p 6744.c2 |r 0000-00-00 |w 2015-01-26 |y STK0 | ||
| 952 | |0 0 |1 0 |2 ddc |4 0 |6 530_076000000000000_B510Q |7 0 |8 500 |9 64185 |a qbu |b qbu |c D3 |d 2015-01-26 |g 15000 |o 530.076 B510Q |p 6744.c3 |r 0000-00-00 |w 2015-01-26 |y STK0 | ||
| 952 | |0 0 |1 0 |2 ddc |4 0 |6 530_076000000000000_B510Q |7 0 |8 500 |9 64186 |a qbu |b qbu |c D3 |d 2015-01-26 |g 15000 |o 530.076 B510Q |p 6744.c4 |r 0000-00-00 |w 2015-01-26 |y STK0 | ||
| 952 | |0 0 |1 0 |2 ddc |4 0 |6 530_076000000000000_B510Q |7 0 |8 500 |9 64187 |a qbu |b qbu |c D3 |d 2015-01-26 |g 15000 |o 530.076 B510Q |p 6744.c5 |r 0000-00-00 |w 2015-01-26 |y STK0 | ||
| 952 | |0 0 |1 0 |2 ddc |4 0 |6 530_076000000000000_B510Q |7 0 |8 500 |9 64188 |a qbu |b qbu |c D3 |d 2015-01-26 |g 15000 |o 530.076 B510Q |p 6744.c6 |r 0000-00-00 |w 2015-01-26 |y STK0 | ||
| 952 | |0 0 |1 0 |2 ddc |4 0 |6 530_076000000000000_B510Q |7 0 |8 500 |9 64189 |a qbu |b qbu |c D3 |d 2015-01-26 |g 15000 |o 530.076 B510Q |p 6744.c7 |r 0000-00-00 |w 2015-01-26 |y STK0 | ||
| 952 | |0 0 |1 0 |2 ddc |4 0 |6 530_076000000000000_B510Q |7 0 |8 500 |9 64190 |a qbu |b qbu |c D3 |d 2015-01-26 |g 15000 |o 530.076 B510Q |p 6744.c8 |r 0000-00-00 |w 2015-01-26 |y STK0 | ||
| 952 | |0 0 |1 0 |2 ddc |4 0 |6 530_076000000000000_B510Q |7 0 |8 500 |9 64191 |a qbu |b qbu |c D3 |d 2015-01-26 |g 15000 |o 530.076 B510Q |p 6744.c9 |r 0000-00-00 |w 2015-01-26 |y STK0 | ||